000
00176nam a2200073Ia 4500
008
170817s9999 xx 000 0 und d
100
_a
SHARMA PROMILA
245
4
_a
THE AIMS OF EDUCATION
260
_b
A.P.H. PUB.
999
_c
37293
_d
37293